000 00727cam a2200193 4500
001 WS121389
008 030218n 000 0 eng u
035 _a(Sirsi) u121389
110 _aOutsourcing Institute
_94412
245 _aOutsourcing Institute
520 _aWeb site for this global professional association dedicated to promoting outsourcing. Includes pages for buyers, providers and influencers. Gives access to a help desk for questions.
650 _aOUTSOURCING
650 _aORGANISATION
650 _aUNITED STATES
650 _aINTERNATIONAL
690 _aMANAGEMENT-FACILITIES MANAGEMENT
856 4 0 _uhttps://www.outsourcing.com
_zView the website free of charge at www.outsourcing.com...
942 _n0
999 _c120240
_d120240